Elements of probability theory and some of its applications (Record no. 19410)

MARC details
000 -LEADER
fixed length control field 00345nam a2200121Ia 4500
082 ## - DEWEY DECIMAL CLASSIFICATION NUMBER
Classification number 519.2
Item number CRA
100 ## - MAIN ENTRY--AUTHOR NAME
Personal name CRAMER, Harold
245 #0 - TITLE STATEMENT
Title Elements of probability theory and some of its applications
260 ## - PUBLICATION, DISTRIBUTION, ETC. (IMPRINT)
Place of publication New York
Name of publisher John Wiley
Year of publication 1955
650 ## - SUBJECT ADDED ENTRY--TOPICAL TERM
Topical Term Mathematical probability
942 ## - ADDED ENTRY ELEMENTS (KOHA)
Koha item type Books
Holdings
Withdrawn status Lost status Damaged status Not for loan Home library Current library Date acquired Full call number Accession Number Koha item type
        RRII Library RRII Library 16/12/2021 519.2 CRA 00146 Books